000 00598nam a22002177a 4500
003 CBULib
005 20240418090814.0
008 240408b |||||||| |||| 00| 0 eng d
020 _a9780582416130
040 _bEnglish
_cCBULib
_erda
041 _aeng
050 _aTA 330 Bir
100 _92600
_aBird, J.O
245 _aTechnician mathematics
_c/ by J.O.Bird
260 _aNew York :
_bLongman Group Limited,
_c1978
336 _2rdacontent
_aText |
_btxt
337 _2rdamedia
_aUnmediated |
_bn
338 _2rdacarrier
_aVolume
_bnc
650 0 _aMATHEMATICS
_92601
942 _2lcc
_c002
999 _c84778
_d84778